[Event "?"]
[Site "?"]
[Date "2019.01.03"]
[Round "1.1"]
[White "Müller, Ludwig"]
[Black "Saathoff, Richard"]
[Result "0-1"]
[WhiteElo "1799"]
[BlackElo "2135"]
[PlyCount "112"]
[EventDate "2019.??.??"]
[WhiteTeam "SGem Nürnberg"]
[BlackTeam "SW Nürnberg Süd"]

1. Nf3 Nf6 2. c4 g6 3. b3 Bg7 4. Bb2 O-O 5. e3 d6 6. d4 Nbd7 7. Be2 e5 8. dxe5
Ng4 9. O-O Ndxe5 10. Qc2 Nxf3+ 11. Bxf3 Qh4 12. Bxg4 Bxb2 13. Bxc8 Bxa1 14.
Bxb7 Rab8 15. Nd2 Bg7 16. Nf3 Qe7 17. Bc6 Rb6 18. Be4 a5 19. Nd4 Qd7 20. Rd1 a4
21. c5 axb3 22. Nxb3 Rb4 23. cxd6 cxd6 24. a3 Rb6 25. Nd4 Rc8 26. Qd3 Qa4 27.
g3 Rb2 28. Rd2 Rxd2 29. Qxd2 Qxa3 30. Nc6 Bf6 31. Bf3 Qc5 32. Qd5 Kf8 33. Qxc5
dxc5 34. Kf1 Ke8 35. Ke2 Rc7 36. Kd3 Kd7 37. Na5 Ra7 38. Nc4 Ra1 39. h4 Ra2 40.
Be2 Kc6 41. e4 Bd4 42. f4 Bf2 43. g4 Kb5 44. Nd6+ Kb4 45. Bd1 Ra7 46. h5 c4+
47. Ke2 Bc5 48. e5 Bxd6 49. exd6 Rd7 50. hxg6 hxg6 51. Kd2 Rxd6+ 52. Kc2 Rd4
53. f5 gxf5 54. gxf5 Rf4 55. Bh5 Rxf5 56. Bxf7 Rxf7 0-1

[Event "?"]
[Site "?"]
[Date "2019.01.03"]
[Round "1.2"]
[White "Petrashov, Alexander"]
[Black "Babichev, Vyacheslav"]
[Result "1-0"]
[WhiteElo "1979"]
[BlackElo "1835"]
[PlyCount "119"]
[EventDate "2019.??.??"]
[WhiteTeam "SC Noris-Tarrasch Nürnberg"]
[BlackTeam "SW Nürnberg Süd"]

1. d4 Nf6 2. c4 g6 3. Nc3 Bg7 4. e4 d6 5. Bd3 O-O 6. Nge2 e5 7. d5 Nbd7 8. f3
Nc5 9. Bc2 a5 10. Bg5 h6 11. Be3 b6 12. Qd2 Kh7 13. h4 Ba6 14. b3 Ng8 15. O-O-O
Nd7 16. a4 Bc8 17. g4 Nb8 18. Ng3 Na6 19. Rdg1 Nb4 20. Bb1 c6 21. dxc6 Nxc6 22.
Nb5 Nd4 23. Nxd4 exd4 24. Bxd4 Be5 25. g5 h5 26. f4 Bxd4 27. Qxd4 Bg4 28. Bc2
Qc7 29. Bd1 Bxd1 30. Rxd1 Rad8 31. Kb2 Ne7 32. Qf6 Ng8 33. Qc3 Ne7 34. Rhf1 Nc6
35. Qf6 Qe7 36. Qxe7 Nxe7 37. Rd3 Nc8 38. Kc3 Rd7 39. Rfd1 Re7 40. b4 f6 41. f5
Kg7 42. bxa5 bxa5 43. Rd5 Ra7 44. fxg6 Kxg6 45. gxf6 Rxf6 46. Rg5+ Kf7 47. Nxh5
Rf3+ 48. Rd3 Rxd3+ 49. Kxd3 Kf8 50. Rf5+ Ke7 51. Nf4 Ke8 52. Nd5 Rg7 53. Rg5
Ra7 54. h5 Kf8 55. Nf6 Nb6 56. h6 Nxa4 57. h7 Nc5+ 58. Rxc5 Kg7 59. Rg5+ Kxf6
60. Rh5 1-0

[Event "?"]
[Site "?"]
[Date "2019.01.03"]
[Round "1.3"]
[White "Münzenberg, Dietrich"]
[Black "Erlbeck, Peter"]
[Result "0-1"]
[WhiteElo "1687"]
[BlackElo "2061"]
[PlyCount "46"]
[EventDate "2019.??.??"]
[WhiteTeam "Zabo-Eintracht Nürnberg"]
[BlackTeam "SW Nürnberg Süd"]

1. d4 f5 2. c4 Nf6 3. Bg5 Ne4 4. Bf4 d6 5. f3 Nf6 6. Nc3 g6 7. e4 Bg7 8. Bd3
fxe4 9. Nxe4 Nc6 10. Ne2 O-O 11. Be3 e5 12. d5 Nb4 13. Bb1 Bf5 14. O-O Bxe4 15.
fxe4 Ng4 16. Rxf8+ Qxf8 17. Qd2 Bh6 18. Bxh6 Qf2+ 19. Kh1 Qf1+ 20. Ng1 Nf2+ 21.
Qxf2 Qxf2 22. Bc1 Qe1 23. Bh6 Nc2 0-1

[Event "?"]
[Site "?"]
[Date "2019.01.03"]
[Round "1.4"]
[White "Kocak, Ediz"]
[Black "Ott, Hans"]
[Result "1-0"]
[WhiteElo "1817"]
[BlackElo "1553"]
[PlyCount "39"]
[EventDate "2019.??.??"]
[WhiteTeam "SW Nürnberg Süd"]
[BlackTeam "Zabo-Eintracht Nürnberg"]

1. e4 c5 2. Nf3 Nc6 3. d4 cxd4 4. Nxd4 Nf6 5. Nc3 a6 6. Nxc6 bxc6 7. e5 Ng8 8.
Bc4 g6 9. Qf3 f5 10. g4 e6 11. gxf5 exf5 12. Be3 Qa5 13. e6 Bg7 14. exd7+ Bxd7
15. O-O-O Ne7 16. Rhe1 Rb8 17. Bg5 Be5 18. Bxe7 Kxe7 19. Qf4 Kf6 20. Rxe5 1-0

[Event "?"]
[Site "?"]
[Date "2019.01.03"]
[Round "1.5"]
[White "Nüßlein, Christian"]
[Black "Birkner, Mattias"]
[Result "0-1"]
[WhiteElo "1892"]
[BlackElo "1890"]
[PlyCount "120"]
[EventDate "2019.??.??"]
[WhiteTeam "SGem Nürnberg"]
[BlackTeam "SK Neumarkt"]

1. b4 d5 2. Bb2 Nf6 3. e3 Bf5 4. c4 e6 5. a3 c5 6. b5 Be7 7. Nf3 O-O 8. Nh4 Bg4
9. Be2 Bxe2 10. Qxe2 Nbd7 11. Nf3 dxc4 12. Qxc4 Nb6 13. Qc2 Qd7 14. Nc3 Nc4 15.
Rb1 Nxb2 16. Rxb2 Rfd8 17. O-O Nd5 18. Nxd5 Qxd5 19. a4 Bf6 20. Rbb1 g6 21.
Rfc1 b6 22. Qc4 Qd3 23. Rb3 Qxc4 24. Rxc4 Rd7 25. Kf1 Rad8 26. a5 Rd3 27. Rb1
Ra3 28. a6 Rdd3 29. Rc2 Rdb3 30. Rxb3 Rxb3 31. Ra2 Rxb5 32. Ke2 Kf8 33. d4 c4
34. Nd2 Rb4 35. Ne4 Be7 36. Nc3 Ke8 37. Kd2 Kd7 38. Kc2 Kc6 39. e4 Bf6 40. d5+
Kc5 41. dxe6 fxe6 42. Ne2 b5 43. f4 Bd4 44. g4 Rb3 45. f5 gxf5 46. exf5 exf5
47. gxf5 Rf3 48. Ng3 Be5 49. Ne4+ Kd5 50. Ng5 Rxf5 51. Nxh7 Rh5 52. Ra5 Rxh2+
53. Kd1 Rxh7 54. Rxb5+ Kd4 55. Ke2 c3 56. Rb4+ Kc5 57. Re4 Kd5 58. Ra4 Rh3 59.
Ra5+ Ke4 60. Rb5 Rh2+ 0-1

[Event "?"]
[Site "?"]
[Date "2019.01.03"]
[Round "1.6"]
[White "Wagner, Alexander"]
[Black "Bogendörfer, Ralf"]
[Result "1-0"]
[WhiteElo "1884"]
[BlackElo "1543"]
[PlyCount "61"]
[EventDate "2019.??.??"]
[WhiteTeam "SW Nürnberg Süd"]
[BlackTeam "SC JÄKLECHEMIE"]

1. e4 e6 2. Nc3 d5 3. d4 Nf6 4. e5 Nfd7 5. f4 c5 6. Nf3 Nc6 7. Be3 cxd4 8. Nxd4
Nxd4 9. Bxd4 Nb8 10. a3 Nc6 11. Bf2 Be7 12. Bd3 g6 13. O-O a6 14. Na4 b5 15.
Bb6 Qd7 16. Nc5 Bxc5+ 17. Bxc5 Bb7 18. Qe1 Qd8 19. a4 b4 20. a5 Rb8 21. Bd6 Rc8
22. Bxb4 Nxb4 23. Qxb4 Qc7 24. Kh1 Qc6 25. Rfe1 Rc7 26. Ra3 Qd7 27. Rb3 Qe7 28.
Qb6 O-O 29. c3 Rfc8 30. Bxa6 Qh4 31. g3 1-0

[Event "?"]
[Site "?"]
[Date "2019.01.03"]
[Round "1.7"]
[White "Klinger, Klaus"]
[Black "Müller, Lothar"]
[Result "0-1"]
[WhiteElo "1696"]
[BlackElo "1847"]
[PlyCount "114"]
[EventDate "2019.??.??"]
[WhiteTeam "Zabo-Eintracht Nürnberg"]
[BlackTeam "SK Neumarkt"]

1. d4 Nf6 2. Bf4 d6 3. h3 g6 4. e3 Bg7 5. Nf3 O-O 6. c4 c5 7. Be2 cxd4 8. exd4
Na6 9. O-O Bf5 10. Nbd2 Qb6 11. Qb3 Qxb3 12. axb3 Nb4 13. Ne1 Rfe8 14. g4 Bd7
15. g5 Nh5 16. Bxh5 gxh5 17. h4 Bh3 18. Ng2 Nc2 19. Rad1 Nxd4 20. Kh2 Bf5 21.
f3 Rad8 22. Ne3 Bg6 23. Rf2 Ne6 24. Nd5 Bxb2 25. Ne4 Bg7 26. Be3 b6 27. Ra2
Bxe4 28. fxe4 Rd7 29. Bf2 Be5+ 30. Bg3 Kg7 31. Kg2 Nc5 32. Nxb6 axb6 33. b4
Bxg3 34. bxc5 Be5 35. cxb6 Rb7 36. Rb1 Bd4 37. Rd1 Bc5 38. Rb1 Rxb6 39. Rb5
Reb8 40. Rab2 Rxb5 41. cxb5 Kg6 42. Kf3 e5 43. Ke2 h6 44. gxh6 Kxh6 45. Kd3 Kg6
46. Kc4 f5 47. Rg2+ Kf6 48. exf5 Kxf5 49. Rg5+ Kf4 50. Rxh5 e4 51. Rh7 e3 52.
h5 Re8 53. Rf7+ Kg5 54. Rf1 e2 55. Re1 Bf2 56. Kd5 Bxe1 57. Kxd6 Bg3+ 0-1

[Event "?"]
[Site "?"]
[Date "2019.01.03"]
[Round "1.8"]
[White "Süß, Helmut"]
[Black "Mankus, Siegfried"]
[Result "1-0"]
[WhiteElo "1871"]
[BlackElo "1511"]
[PlyCount "111"]
[EventDate "2019.??.??"]
[WhiteTeam "SC Noris-Tarrasch Nürnberg"]
[BlackTeam "Zabo-Eintracht Nürnberg"]

1. d4 e6 2. c4 f5 3. Nc3 Nf6 4. Bg5 Be7 5. e3 O-O 6. Bd3 b6 7. Qf3 c6 8. Nge2
d5 9. Bxf6 Rxf6 10. cxd5 exd5 11. Ng3 Qf8 12. O-O Ba6 13. Rad1 Bxd3 14. Rxd3
Na6 15. Rc1 Rd8 16. Qe2 Bd6 17. f4 Re8 18. Qf2 Qf7 19. a3 c5 20. Nb5 c4 21.
Nxd6 Rxd6 22. Rdd1 Rde6 23. Re1 b5 24. Qd2 h5 25. Nf1 Qe7 26. Qa5 Qb7 27. Ra1
Qb6 28. Qxb6 Rxb6 29. Nd2 Nb8 30. Nf3 Nd7 31. Ne5 Nxe5 32. fxe5 a5 33. Kf1 b4
34. axb4 axb4 35. Ra5 Rd8 36. Ke2 Kh7 37. Kd2 h4 38. Re2 Kh6 39. Kc2 g5 40. Rf2
Kg6 41. h3 Rd7 42. Ra8 Rbb7 43. Ra6+ Kh5 44. Rxf5 b3+ 45. Kc3 Rf7 46. Rff6 Rxf6
47. Rxf6 Rd7 48. Rd6 Rf7 49. Rxd5 Rf2 50. Kxc4 Rxb2 51. Rb5 Rc2+ 52. Kxb3 Rxg2
53. e6 Rg3 54. Re5 Rxh3 55. e7 Rxe3+ 56. Rxe3 1-0

[Event "?"]
[Site "?"]
[Date "2019.01.03"]
[Round "1.9"]
[White "Scheitler, Wolfgang"]
[Black "Dyroff, Roland"]
[Result "0-1"]
[WhiteElo "1542"]
[BlackElo "1694"]
[PlyCount "64"]
[EventDate "2019.??.??"]
[WhiteTeam "SW Nürnberg Süd"]
[BlackTeam "SW Nürnberg Süd"]

1. e4 c5 2. Nc3 Nc6 3. f4 d6 4. Nf3 Nf6 5. Bc4 a6 6. a3 b5 7. Bd5 Bb7 8. O-O b4
9. Ne2 Nxd5 10. exd5 Na5 11. axb4 cxb4 12. c4 Qb6+ 13. d4 Nxc4 14. Qd3 Bxd5 15.
f5 Na5 16. Nf4 Bc4 17. Qe4 Qb7 18. Re1 Qxe4 19. Rxe4 Nb3 20. Rb1 d5 21. Re3 g6
22. f6 e6 23. Ne5 Nxd4 24. Nxc4 dxc4 25. Re4 Nb3 26. Rxc4 Bc5+ 27. Kf1 O-O 28.
Nd3 Rfc8 29. Nxc5 Rxc5 30. Rxc5 Nxc5 31. Be3 Ne4 32. Bd4 Nd2+ 0-1

[Event "?"]
[Site "?"]
[Date "2019.01.03"]
[Round "1.10"]
[White "Wettermann, Bernd"]
[Black "Schiesser, Desider"]
[Result "1-0"]
[WhiteElo "1752"]
[BlackElo "1460"]
[PlyCount "67"]
[EventDate "2019.??.??"]
[WhiteTeam "Zabo-Eintracht Nürnberg"]
[BlackTeam "SW Nürnberg Süd"]

1. e4 e5 2. Nf3 d6 3. Bc4 h6 4. Nc3 c6 5. d4 Qf6 6. Be3 Nd7 7. Qe2 b5 8. Bxb5
cxb5 9. Nxb5 Qd8 10. Qc4 Nb6 11. Nc7+ Ke7 12. Qc3 Rb8 13. dxe5 dxe5 14. Qxe5+
Be6 15. Bc5+ Kd7 16. O-O-O+ Nd5 17. Nxd5 Bxc5 18. Nf4+ Kc6 19. Rxd8 Rxd8 20.
Nxe6 fxe6 21. Qxe6+ Rd6 22. Ne5+ Kc7 23. Qc4 Kb6 24. Nf7 Rh7 25. Nxd6 Bxd6 26.
Rd1 Bxh2 27. Rd3 Bf4+ 28. Rd2 Bxd2+ 29. Kxd2 Nf6 30. e5 Nd7 31. Qd3 Rh8 32.
Qxd7 g5 33. e6 Rf8 34. Qd6+ 1-0

[Event "?"]
[Site "?"]
[Date "2019.01.03"]
[Round "1.12"]
[White "Walch, Roger"]
[Black "Dreiseitel, Ursula"]
[Result "1-0"]
[WhiteElo "1698"]
[BlackElo "1478"]
[PlyCount "58"]
[EventDate "2019.??.??"]
[WhiteTeam "SW Nürnberg Süd"]
[BlackTeam "SW Nürnberg Süd"]

1. e4 e6 2. d4 d5 3. Nc3 Nf6 4. e5 Nfd7 5. Bd3 a6 6. Nf3 c5 7. Be3 Nc6 8. Be2
b5 9. O-O Qb6 10. dxc5 Bxc5 11. Bf4 Nd4 12. Bd3 Nxf3+ 13. Qxf3 Bd4 14. Rfe1 Qc7
15. Nxd5 exd5 16. e6 Ne5 17. Bxe5 Bxe5 18. exf7+ Kf8 19. Qxd5 Bxh2+ 20. Kf1 Bb7
21. Re8+ Rxe8 22. fxe8=Q+ Kxe8 23. Re1+ Kf8 24. Qe6 Qf7 25. Qb6 Qc7 26. Qe3 Qf7
27. Qc5+ Kg8 28. Re7 Bxg2+ 29. Kxg2 Qg6+ 1-0

[Event "?"]
[Site "?"]
[Date "2019.01.03"]
[Round "1.13"]
[White "Merdian, Nick"]
[Black "Albayrak, Aylin"]
[Result "0-1"]
[WhiteElo "1640"]
[BlackElo "1686"]
[PlyCount "108"]
[EventDate "2019.??.??"]
[WhiteTeam "SC Postbauer-Heng"]
[BlackTeam "Zabo-Eintracht Nürnberg"]

1. d4 d5 2. c4 e6 3. Nf3 Nf6 4. e3 c5 5. dxc5 Bxc5 6. cxd5 Nxd5 7. Bc4 O-O 8.
O-O Nc6 9. a3 a6 10. Qc2 Nf6 11. Nc3 Qc7 12. Bd2 Bd6 13. Bd3 b5 14. b4 Bb7 15.
Rac1 Ne5 16. Nxe5 Bxe5 17. h3 Bh2+ 18. Kh1 Be5 19. Qb1 Qd7 20. Rfd1 Rad8 21.
Be2 Bb8 22. Kg1 Qc7 23. f4 Qb6 24. Kf1 Rd7 25. Qb2 e5 26. f5 Ne4 27. Nxe4 Bxe4
28. Bg4 Qf6 29. Kg1 Bxf5 30. Rf1 g6 31. Bxf5 gxf5 32. Qc2 e4 33. Bc3 Qd6 34.
Rf4 Qb6 35. Qf2 Bxf4 36. Qxf4 Qg6 37. Qe5 f6 38. Qe6+ Rff7 39. Bd4 Kg7 40. Rf1
Rc7 41. Rxf5 Rc2 42. Qxe4 Rc4 43. Kh2 Kg8 44. Qe8+ Rf8 45. Qe6+ Kg7 46. Qe7+
Rf7 47. Qe4 h6 48. Qf4 Rc2 49. Qf3 Ra2 50. Rf4 h5 51. e4 Rd2 52. Bc3 Rc2 53.
Rf5 h4 54. Rf4 Qg3+ 0-1

[Event "?"]
[Site "?"]
[Date "2019.01.03"]
[Round "1.14"]
[White "Danninger, Hugo"]
[Black "Barnowski, Roman"]
[Result "1-0"]
[WhiteElo "1803"]
[BlackElo "1382"]
[PlyCount "33"]
[EventDate "2019.??.??"]
[WhiteTeam "Zabo-Eintracht Nürnberg"]
[BlackTeam "SW Nürnberg Süd"]

1. e4 c5 2. Nf3 d6 3. d4 cxd4 4. Nxd4 Nf6 5. Nc3 a6 6. Bg5 e5 7. Nf3 Be7 8. Bc4
O-O 9. h3 Nc6 10. g4 Be6 11. Bb3 b5 12. Rg1 b4 13. Bxf6 Bxf6 14. Nd5 Rc8 15. g5
Be7 16. h4 f6 17. Nxf6+ 1-0

[Event "?"]
[Site "?"]
[Date "2019.01.03"]
[Round "1.15"]
[White "Majid, Hakim"]
[Black "Mantel, Hubert"]
[Result "1-0"]
[WhiteElo "1472"]
[BlackElo "1744"]
[PlyCount "55"]
[EventDate "2019.??.??"]
[WhiteTeam "SW Nürnberg Süd"]
[BlackTeam "SC Noris-Tarrasch Nürnberg"]

1. e4 e6 2. d4 d5 3. e5 c5 4. c3 Nc6 5. Nf3 Qb6 6. Be2 cxd4 7. cxd4 Bb4+ 8. Nc3
Bd7 9. O-O Nge7 10. Na4 Qa5 11. a3 Nxd4 12. axb4 Nxe2+ 13. Qxe2 Qxb4 14. Nc3 d4
15. Na2 Qb6 16. Rd1 Bb5 17. Qd2 Rd8 18. Nb4 d3 19. Ne1 Nc6 20. Nbxd3 Nxe5 21.
Qc3 Nxd3 22. Nxd3 O-O 23. Be3 Qd6 24. Bc5 Qd5 25. Bxf8 Kxf8 26. Qc5+ Ke8 27.
Qxd5 Rxd5 28. Nf4 1-0

[Event "?"]
[Site "?"]
[Date "2019.01.03"]
[Round "1.16"]
[White "Hahn, Thomas"]
[Black "Ott, Juan Luis"]
[Result "1-0"]
[WhiteElo "1821"]
[BlackElo "1304"]
[PlyCount "57"]
[EventDate "2019.??.??"]
[WhiteTeam "Zabo-Eintracht Nürnberg"]
[BlackTeam "Zabo-Eintracht Nürnberg"]

1. e4 e5 2. f4 exf4 3. Nf3 d6 4. Bc4 Bg4 5. d4 Nf6 6. Nc3 Be7 7. Bxf4 O-O 8.
O-O Nh5 9. Qd2 Be6 10. Bd3 Nxf4 11. Qxf4 h6 12. d5 Bd7 13. e5 Bg5 14. Qe4 g6
15. e6 f5 16. Qb4 Na6 17. Bxa6 Be3+ 18. Kh1 bxa6 19. exd7 Qxd7 20. Qa4 Qc8 21.
Rae1 Bb6 22. Re6 Kg7 23. Rfe1 g5 24. Qc6 g4 25. Nh4 Bf2 26. Re7+ Kf6 27. R1e6+
Kg5 28. Rg7+ Kf4 29. Qc4+ 1-0

[Event "?"]
[Site "?"]
[Date "2019.01.03"]
[Round "1.17"]
[White "Schaller, Michael"]
[Black "Pörzgen, Michael"]
[Result "0-1"]
[WhiteElo "1274"]
[BlackElo "1656"]
[PlyCount "74"]
[EventDate "2019.??.??"]
[WhiteTeam "SW Nürnberg Süd"]
[BlackTeam "SW Nürnberg Süd"]

1. e4 d5 2. exd5 Nf6 3. c4 c6 4. dxc6 Nxc6 5. Nf3 e5 6. Qe2 Bg4 7. Qe3 Bxf3 8.
Qxf3 e4 9. Qd1 Bc5 10. Be2 Qb6 11. O-O Rd8 12. Qb3 Nd4 13. Qxb6 Nxe2+ 14. Kh1
Bxb6 15. Nc3 Nxc1 16. Raxc1 Rxd2 17. b4 Bd4 18. a4 Ng4 19. Nxe4 Nxf2+ 20. Nxf2
Bxf2 21. Rc3 f6 22. Rf3 Bd4 23. Re1+ Kf7 24. Rff1 Re8 25. Rc1 Ree2 26. Rcd1
Rxg2 27. Rxd2 Rxd2 28. Rc1 b6 29. c5 bxc5 30. bxc5 Be5 31. c6 Bc7 32. Rc5 Rxh2+
33. Kg1 Re2 34. Rd5 Kg6 35. Rd7 Bb6+ 36. Kf1 Rc2 37. Rd6 h5 0-1

[Event "?"]
[Site "?"]
[Date "2019.01.03"]
[Round "1.18"]
[White "Dreiseitel, Werner"]
[Black "Steindl, Horst"]
[Result "1-0"]
[WhiteElo "1563"]
[BlackElo "1269"]
[PlyCount "113"]
[EventDate "2019.??.??"]
[WhiteTeam "SW Nürnberg Süd"]
[BlackTeam "SW Nürnberg Süd"]

1. d4 c6 2. c4 e6 3. e4 Bb4+ 4. Nd2 d5 5. Bd3 dxe4 6. Bxe4 Qxd4 7. Ngf3 Qxe4+
8. Kf1 Bxd2 9. Nxd2 Qd3+ 10. Kg1 Nf6 11. h4 e5 12. Qe1 Qd6 13. Nf3 Nbd7 14. Bf4
O-O 15. Rd1 Qc7 16. Bg3 Re8 17. h5 b5 18. Rh4 Qb7 19. cxb5 cxb5 20. Nxe5 Nxe5
21. Bxe5 Be6 22. Qc3 Qe7 23. h6 Bf5 24. Bd4 Rac8 25. Qg3 Bg6 26. hxg7 Nh5 27.
Qg4 Nxg7 28. f4 Qe6 29. Bxg7 Qxg4 30. Rxg4 Kxg7 31. f5 Rc2 32. fxg6 hxg6 33.
Rd7 a6 34. Rf4 Rc1+ 35. Kh2 Rf8 36. Rf2 Rc6 37. Kg3 Rf6 38. Rxf6 Kxf6 39. Rd6+
Ke5 40. Rxa6 Rd8 41. Ra5 Rd5 42. b3 f5 43. Ra7 g5 44. Re7+ Kd6 45. Re2 Rd3+ 46.
Kf2 Kc5 47. Re5+ Rd5 48. Rxd5+ Kxd5 49. a4 Kc5 50. Ke3 Kb4 51. axb5 Kxb5 52.
Kd4 Kb4 53. Ke5 Kxb3 54. Kxf5 Kc4 55. Kxg5 Kd5 56. Kf6 Ke4 57. g4 1-0

[Event "?"]
[Site "?"]
[Date "2019.01.04"]
[Round "2.1"]
[White "Saathoff, Richard"]
[Black "Wettermann, Bernd"]
[Result "1-0"]
[WhiteElo "2135"]
[BlackElo "1752"]
[PlyCount "61"]
[EventDate "2019.??.??"]
[WhiteTeam "SW Nürnberg Süd"]
[BlackTeam "Zabo-Eintracht Nürnberg"]

1. e4 e5 2. f4 d5 3. exd5 exf4 4. Nf3 Nf6 5. Bb5+ Bd7 6. Bc4 c6 7. dxc6 Nxc6 8.
O-O Bd6 9. Re1+ Ne7 10. d4 O-O 11. Ne5 g5 12. c3 Be6 13. Bxe6 fxe6 14. Nc4 b5
15. Nxd6 Qxd6 16. Qe2 Kf7 17. Nd2 Nf5 18. Nf3 h6 19. Qxb5 Rab8 20. Ne5+ Kg7 21.
Qe2 Rfe8 22. Qf2 Qd5 23. Qf3 Qb5 24. b3 Nd5 25. Qh5 Qb7 26. c4 Nde3 27. Bxe3
fxe3 28. Qg6+ Kf8 29. g4 Re7 30. gxf5 Qe4 31. f6 1-0

[Event "?"]
[Site "?"]
[Date "2019.01.04"]
[Round "2.3"]
[White "Erlbeck, Peter"]
[Black "Walch, Roger"]
[Result "1-0"]
[WhiteElo "2061"]
[BlackElo "1698"]
[PlyCount "69"]
[EventDate "2019.??.??"]
[WhiteTeam "SW Nürnberg Süd"]
[BlackTeam "SW Nürnberg Süd"]

1. e4 e6 2. d4 d5 3. e5 c5 4. c3 Bd7 5. Nf3 Nc6 6. Be2 Be7 7. O-O f6 8. a4 Qc7
9. Bf4 Qb6 10. Na3 a6 11. Nc2 c4 12. Ne3 Na5 13. Qc2 Nb3 14. Ra2 Rc8 15. Nd2 g5
16. Bg3 f5 17. f4 Nh6 18. Bh5+ Kd8 19. Be2 Rg8 20. Kh1 Nxd2 21. Qxd2 g4 22. Rb1
Qb3 23. Rba1 Nf7 24. a5 Qb5 25. Rb1 Qb3 26. Raa1 Qb5 27. b3 Qc6 28. bxc4 dxc4
29. d5 exd5 30. Rb6 Qc5 31. Nxd5 Rg6 32. Rxb7 Ke8 33. Rxd7 Kxd7 34. Nb6+ Ke8
35. Qd7+ 1-0

[Event "?"]
[Site "?"]
[Date "2019.01.04"]
[Round "2.4"]
[White "Albayrak, Aylin"]
[Black "Kocak, Ediz"]
[Result "1-0"]
[WhiteElo "1686"]
[BlackElo "1817"]
[PlyCount "57"]
[EventDate "2019.??.??"]
[WhiteTeam "Zabo-Eintracht Nürnberg"]
[BlackTeam "SW Nürnberg Süd"]

1. d4 Nf6 2. c4 e6 3. Nf3 d5 4. Bg5 h6 5. Bh4 dxc4 6. Bxf6 Qxf6 7. e4 Bb4+ 8.
Nc3 O-O 9. e5 Qg6 10. Bxc4 Qe4+ 11. Be2 Bxc3+ 12. bxc3 b6 13. O-O Bb7 14. Ne1
Qh4 15. Bf3 Nc6 16. g3 Qe7 17. Nd3 Rfd8 18. Re1 Na5 19. Bxb7 Nxb7 20. Qf3 c5
21. Re4 Rd7 22. Nf4 Rad8 23. Nh5 Kh8 24. Rg4 Rg8 25. Rd1 cxd4 26. cxd4 Rc7 27.
Qe3 Na5 28. Nf6 Nc4 29. Qxh6+ 1-0

[Event "?"]
[Site "?"]
[Date "2019.01.04"]
[Round "2.5"]
[White "Birkner, Mattias"]
[Black "Danninger, Hugo"]
[Result "1/2-1/2"]
[WhiteElo "1890"]
[BlackElo "1803"]
[PlyCount "59"]
[EventDate "2019.??.??"]
[WhiteTeam "SK Neumarkt"]
[BlackTeam "Zabo-Eintracht Nürnberg"]

1. e4 e6 2. d4 d5 3. Nd2 Nf6 4. e5 Nfd7 5. c3 c5 6. Nb3 Qb6 7. f4 Nc6 8. Nf3 f6
9. Qe2 fxe5 10. fxe5 cxd4 11. cxd4 a5 12. Be3 a4 13. Nc1 Bb4+ 14. Kf2 O-O 15.
Qb5 Rf7 16. Qxb6 Nxb6 17. Nd3 Be7 18. Be2 Nc4 19. b3 Nxe3 20. Kxe3 Bd7 21. Rhf1
g5 22. h3 Bf8 23. Nc5 Bxc5 24. dxc5 h6 25. Bb5 Nb4 26. Bxd7 Rxd7 27. Nd4 Rf7
28. Rxf7 Kxf7 29. Rf1+ Kg8 30. Rf2 1/2-1/2

[Event "?"]
[Site "?"]
[Date "2019.01.04"]
[Round "2.7"]
[White "Müller, Lothar"]
[Black "Hahn, Thomas"]
[Result "1/2-1/2"]
[WhiteElo "1847"]
[BlackElo "1821"]
[PlyCount "31"]
[EventDate "2019.??.??"]
[WhiteTeam "SK Neumarkt"]
[BlackTeam "Zabo-Eintracht Nürnberg"]

1. d4 f5 2. Nc3 g6 3. e4 d6 4. Bd3 fxe4 5. Nxe4 Nf6 6. h4 Nxe4 7. Bxe4 d5 8.
Bd3 Be6 9. h5 Rg8 10. hxg6 hxg6 11. Nh3 Nc6 12. c3 Qd7 13. Nf4 Bf5 14. Qc2
O-O-O 15. Be3 e5 16. dxe5 1/2-1/2

[Event "?"]
[Site "?"]
[Date "2019.01.04"]
[Round "2.8"]
[White "Walisch, Wilfried"]
[Black "Süß, Helmut"]
[Result "0-1"]
[WhiteElo "1126"]
[BlackElo "1871"]
[PlyCount "38"]
[EventDate "2019.??.??"]
[WhiteTeam "SW Nürnberg Süd"]
[BlackTeam "SC Noris-Tarrasch Nürnberg"]

1. c4 c5 2. g3 Nc6 3. Bg2 g6 4. Nc3 Bg7 5. e4 d6 6. Nge2 Nf6 7. O-O e5 8. d3
Be6 9. h3 a6 10. f4 exf4 11. Nxf4 O-O 12. Nxe6 fxe6 13. Bg5 Qc7 14. Be3 Ne5 15.
Bf4 Nh5 16. Bxe5 Bxe5 17. g4 Bd4+ 18. Kh2 d5+ 19. Kh1 Ng3+ 0-1

[Event "?"]
[Site "?"]
[Date "2019.01.04"]
[Round "2.9"]
[White "Dyroff, Roland"]
[Black "Dreiseitel, Werner"]
[Result "1/2-1/2"]
[WhiteElo "1694"]
[BlackElo "1563"]
[PlyCount "38"]
[EventDate "2019.??.??"]
[WhiteTeam "SW Nürnberg Süd"]
[BlackTeam "SW Nürnberg Süd"]

1. c4 b6 2. Nf3 Bb7 3. d4 e6 4. Nc3 Nf6 5. g3 d5 6. Bg2 dxc4 7. Qa4+ Nbd7 8.
O-O Be7 9. Qxc4 O-O 10. Ne5 Bxg2 11. Kxg2 Nxe5 12. dxe5 Nd7 13. Rd1 Nxe5 14.
Qe4 Bd6 15. b3 Qe7 16. Nb5 Ng6 17. Nxd6 cxd6 18. Ba3 Rad8 19. Qc6 Ne5 1/2-1/2

[Event "?"]
[Site "?"]
[Date "2019.01.04"]
[Round "2.10"]
[White "Babichev, Vyacheslav"]
[Black "Majid, Hakim"]
[Result "0-1"]
[WhiteElo "1835"]
[BlackElo "1472"]
[PlyCount "130"]
[EventDate "2019.??.??"]
[WhiteTeam "SW Nürnberg Süd"]
[BlackTeam "SW Nürnberg Süd"]

1. Nf3 d6 2. g3 Nf6 3. Bg2 c6 4. O-O e5 5. d3 Be7 6. c4 O-O 7. Nc3 Be6 8. b3
Nbd7 9. Ng5 Bf5 10. Bb2 Bg6 11. Qc2 Ng4 12. Nf3 Nh6 13. Bc1 Ng4 14. h3 Ngf6 15.
Nh4 Nc5 16. Nxg6 fxg6 17. b4 Ne6 18. e3 Kh8 19. Rb1 Ng8 20. Ne2 Qd7 21. Kh2 Ng5
22. f4 exf4 23. exf4 Nf7 24. Bb2 Bf6 25. Nc3 Nfh6 26. Ne4 Bxb2 27. Qxb2 Nf5 28.
Rbe1 a6 29. g4 Nfe7 30. c5 d5 31. Nd6 Rab8 32. Qe2 Nc8 33. Qe6 Qxe6 34. Rxe6
Nxd6 35. Rxd6 Rfd8 36. Re6 Re8 37. Rfe1 Nf6 38. g5 Rxe6 39. Rxe6 Nh5 40. Bf1
Nxf4 41. Re7 h6 42. gxh6 gxh6 43. Rf7 Nh5 44. Kg2 Kg8 45. Re7 Ng7 46. Rd7 Nf5
47. Kg1 Ne3 48. Be2 Nc2 49. a4 Nxb4 50. a5 Na2 51. Rd6 Kg7 52. Rd7+ Kf6 53.
Rd6+ Kg5 54. h4+ Kf5 55. Bf1 Rg8 56. Rd7 Rb8 57. Rd6 Nc1 58. h5 gxh5 59. Rxh6
Kg5 60. Rh7 Nb3 61. Be2 Nxc5 62. Rxh5+ Kf4 63. Kf2 Rf8 64. Ke1 Ke3 65. Rh3+ Kd4
0-1

[Event "?"]
[Site "?"]
[Date "2019.01.04"]
[Round "2.11"]
[White "Mantel, Hubert"]
[Black "Scheitler, Wolfgang"]
[Result "1-0"]
[WhiteElo "1744"]
[BlackElo "1542"]
[PlyCount "47"]
[EventDate "2019.??.??"]
[WhiteTeam "SC Noris-Tarrasch Nürnberg"]
[BlackTeam "SW Nürnberg Süd"]

1. e4 c5 2. Nc3 Nc6 3. g3 g6 4. Bg2 Bg7 5. d3 d6 6. Be3 e6 7. Qd2 Nge7 8. Bh6
O-O 9. h4 Nd4 10. Bxg7 Kxg7 11. h5 Rh8 12. Nf3 Nxf3+ 13. Bxf3 f5 14. O-O-O a6
15. hxg6 hxg6 16. Rxh8 Qxh8 17. Rh1 Qg8 18. Qg5 Kf7 19. exf5 Nxf5 20. Ne4 Qg7
21. g4 d5 22. Nxc5 b6 23. gxf5 bxc5 24. fxg6+ 1-0

[Event "?"]
[Site "?"]
[Date "2019.01.04"]
[Round "2.12"]
[White "Schiesser, Desider"]
[Black "Müller, Ludwig"]
[Result "0-1"]
[WhiteElo "1460"]
[BlackElo "1799"]
[PlyCount "66"]
[EventDate "2019.??.??"]
[WhiteTeam "SW Nürnberg Süd"]
[BlackTeam "SGem Nürnberg"]

1. e4 c5 2. Bc4 Nc6 3. c3 e5 4. d3 Nf6 5. Nf3 h6 6. h3 Be7 7. Be3 d6 8. Na3 a6
9. Qd2 b5 10. Bb3 Na5 11. Bc2 Be6 12. Nh2 Nh7 13. g4 Bg5 14. O-O-O Bxe3 15.
fxe3 Bxa2 16. Nf3 Nb3+ 17. Bxb3 Bxb3 18. Rdf1 Be6 19. d4 Ng5 20. Qc2 Nxf3 21.
Rxf3 f6 22. dxe5 dxe5 23. Rd1 Qc7 24. Rg3 Rd8 25. h4 Rxd1+ 26. Qxd1 Ke7 27. g5
hxg5 28. hxg5 f5 29. exf5 Bxf5 30. g6 Qc6 31. Nc2 Bxc2 32. Kxc2 Qe4+ 33. Kb3
Qa4# 0-1